[Event "Unterfranken-ch HT 61th"]
[Site "Kitzingen"]
[Date "2010.04.10"]
[Round "9"]
[White "Buettner, Simon"]
[Black "Wohlgemuth, Danny"]
[Result "1/2-1/2"]
[WhiteElo "1413"]
[BlackElo "1262"]
[PlyCount "33"]
[EventDate "2010.04.05"]
[EventType "swiss"]
[EventRounds "9"]
[EventCountry "GER"]
[SourceTitle "EXT 2015"]
[Source "ChessBase"]
[SourceDate "2014.11.20"]
[SourceVersion "1"]
[SourceVersionDate "2014.11.20"]
[SourceQuality "1"]

1. c4 c5 2. g3 Nc6 3. Bg2 g6 4. d3 Bg7 5. Nc3 d6 6. Rb1 e5 7. f4 f6 8. Nf3 Nge7 9. 0-0 0-0 10. Kh1 Nd4 11. fxe5 fxe5 12. Bg5 Qc7 13. Nxd4 exd4 14. Nd5 Rxf1+ 15. Qxf1 Nxd5 16. Bxd5+ Kh8 17. Qf7 1/2-1/2

[Event "Unterfranken-ch HT 61th"]
[Site "Kitzingen"]
[Date "2010.04.09"]
[Round "8"]
[White "Blum, Gregor"]
[Black "Wohlgemuth, Danny"]
[Result "0-1"]
[WhiteElo "994"]
[BlackElo "1262"]
[PlyCount "36"]
[EventDate "2010.04.05"]
[EventType "swiss"]
[EventRounds "9"]
[EventCountry "GER"]
[SourceTitle "EXT 2015"]
[Source "ChessBase"]
[SourceDate "2014.11.20"]
[SourceVersion "1"]
[SourceVersionDate "2014.11.20"]
[SourceQuality "1"]

1. e4 c5 2. Bc4 e6 3. a3 d6 4. Nc3 Nc6 5. Nf3 g6 6. d3 Bg7 7. Bf4 Nge7 8. 0-0 0-0 9. Ne2 a6 10. c3 b5 11. Ba2 e5 12. Bg3 Be6 13. Ne1 Qb6 14. Kh1 Bxa2 15. Rxa2 Rfd8 16. f4 f6 17. Nc2 d5 18. Bf2 d4 0-1

[Event "Unterfranken-ch HT 61th"]
[Site "Kitzingen"]
[Date "2010.04.08"]
[Round "5"]
[White "Werner, Stefan1"]
[Black "Wohlgemuth, Danny"]
[Result "1-0"]
[WhiteElo "1543"]
[BlackElo "1262"]
[PlyCount "57"]
[EventDate "2010.04.05"]
[EventType "swiss"]
[EventRounds "9"]
[EventCountry "GER"]
[SourceTitle "EXT 2015"]
[Source "ChessBase"]
[SourceDate "2014.11.20"]
[SourceVersion "1"]
[SourceVersionDate "2014.11.20"]
[SourceQuality "1"]

1. c4 c5 2. g3 g6 3. Bg2 Nc6 4. e3 e5 5. Ne2 Bg7 6. Nbc3 Nge7 7. 0-0 d6 8. h3 Be6 9. d3 0-0 10. Nd5 Rb8 11. Nec3 Qd7 12. Kh2 f5 13. a3 Kh8 14. b4 Bg8 15. Rb1 b6 16. Qa4 Bxd5 17. cxd5 Rfc8 18. dxc6 Nxc6 19. Nd5 b5 20. Qc2 cxb4 21. axb4 Nxb4 22. Qb3 Nc6 23. Bd2 Nd8 24. Rfc1 Ne6 25. Rxc8+ Qxc8 26. Rc1 Nc5 27. Qa3 a6 28. Bb4 Bf8 29. d4 1-0

[Event "Unterfranken-ch HB 59th"]
[Site "Rieneck"]
[Date "2008.03.28"]
[Round "8"]
[White "Liebler, Juergen"]
[Black "Wohlgemuth, Danny"]
[Result "1-0"]
[WhiteElo "1690"]
[BlackElo "1281"]
[PlyCount "51"]
[EventDate "2008.03.24"]
[EventType "swiss"]
[EventRounds "9"]
[EventCountry "GER"]
[SourceTitle "EXT 2015"]
[Source "ChessBase"]
[SourceDate "2014.11.20"]
[SourceVersion "1"]
[SourceVersionDate "2014.11.20"]
[SourceQuality "1"]

1. e4 e5 2. Bc4 Bc5 3. Nf3 Nc6 4. d3 Nf6 5. Be3 Bxe3 6. fxe3 d6 7. c3 b6 8. Nbd2 Bb7 9. Ng5 d5 10. exd5 Nxd5 11. Qf3 Qxg5 12. Bxd5 Qf6 13. Qxf6 gxf6 14. 0-0 0-0-0 15. Bxc6 Bxc6 16. d4 Rhg8 17. g3 Rg6 18. Rf2 Rd7 19. Raf1 exd4 20. exd4 Rd6 21. Rf5 Re6 22. R1f2 Bd7 23. Rh5 Re1+ 24. Kg2 Bc6+ 25. d5 Bxd5+ 26. Rxd5 1-0

[Event "Unterfranken-ch HB 59th"]
[Site "Rieneck"]
[Date "2008.03.28"]
[Round "7"]
[White "Wohlgemuth, Danny"]
[Black "Rachor, Udo"]
[Result "0-1"]
[WhiteElo "1281"]
[BlackElo "1521"]
[PlyCount "102"]
[EventDate "2008.03.24"]
[EventType "swiss"]
[EventRounds "9"]
[EventCountry "GER"]
[SourceTitle "EXT 2015"]
[Source "ChessBase"]
[SourceDate "2014.11.20"]
[SourceVersion "1"]
[SourceVersionDate "2014.11.20"]
[SourceQuality "1"]

1. d4 d5 2. Nc3 Nf6 3. Nf3 e6 4. e3 Be7 5. Bd3 0-0 6. 0-0 c5 7. Bd2 Nc6 8. Re1 Qd7 9. b3 b6 10. Rc1 Bb7 11. Nb1 Rfc8 12. Re2 Nb4 13. Bxb4 cxb4 14. c3 bxc3 15. Rxc3 Bd6 16. Rec2 Bb4 17. Rxc8+ Rxc8 18. Ne5 Qd8 19. Qc1 Bd6 20. Nc6 Bxc6 21. Rxc6 Rxc6 22. Qxc6 Qc7 23. Qxc7 Bxc7 24. f3 Bd6 25. Nc3 Kf8 26. Nb5 Bb8 27. g3 Ke7 28. e4 dxe4 29. fxe4 Ng4 30. e5 Ne3 31. Bxh7 g6 32. h4 Kf8 33. h5 Kg7 34. hxg6 fxg6 35. Bxg6 Kxg6 36. Kf2 Nd5 37. Kf3 Kg5 38. Nd6 Bxd6 39. exd6 Nf6 40. a3 a6 41. d5 exd5 42. Ke3 Kf5 43. Kd4 Ke6 44. b4 Kxd6 45. a4 b5 46. a5 Ne4 47. g4 Ng5 48. Kd3 Ke5 49. Ke3 d4+ 50. Kd3 Kd5 51. Kd2 Kc4 0-1

[Event "Unterfranken-ch HB 59th"]
[Site "Rieneck"]
[Date "2008.03.25"]
[Round "3"]
[White "Wohlgemuth, Danny"]
[Black "Susallek, Daniela"]
[Result "1/2-1/2"]
[WhiteElo "1281"]
[BlackElo "1221"]
[PlyCount "47"]
[EventDate "2008.03.24"]
[EventType "swiss"]
[EventRounds "9"]
[EventCountry "GER"]
[SourceTitle "EXT 2015"]
[Source "ChessBase"]
[SourceDate "2014.11.20"]
[SourceVersion "1"]
[SourceVersionDate "2014.11.20"]
[SourceQuality "1"]

1. e4 e5 2. Nf3 Nc6 3. Bb5 Nge7 4. c3 a6 5. Ba4 b5 6. Bb3 Ng6 7. d3 Be7 8. Be3 0-0 9. Nbd2 Bb7 10. Nf1 Bf6 11. Ng3 h6 12. 0-0 Nce7 13. d4 d6 14. d5 Nc8 15. Rc1 c6 16. c4 c5 17. a3 Nh4 18. Ba2 Nxf3+ 19. Qxf3 Bg5 20. b4 Bxe3 21. Qxe3 cxb4 22. axb4 a5 23. bxa5 Rxa5 24. Qb3 1/2-1/2